Statistics for FIFA Women's World Cup Top Goalscorers Quiz

Click here to take the quiz!

General Stats

  • This quiz has been taken 144 times
    (24 since last reset)
  • The average score is 5 of 23

Answer Stats

#CountryYearsPlayer% Correct
17Brazil2003-2023Marta
91%
9United States2011-2023Megan Rapinoe
87%
9United States2011-2023Alex Morgan
78%
14Germany1995-2011Birgit Prinz
39%
10Canada2003-2023Christine Sinclair
35%
10United States2007-2019Carli Lloyd
30%
8United States1991-2003Mia Hamm
30%
14United States2003-2015Abby Wambach
26%
8France2011-2023Eugénie Le Sommer
22%
8Japan1995-2015Homare Sawa
17%
12United States1991-1999Michelle Akers
13%
11China1991-2003Sun Wen
9%
8United States1991-2007Kristine Lilly
4%
10Norway1995-1999Ann Kristen Aarønes
0%
11Germany1991-2003Bettina Wiegmann
0%
8Germany2011-2015Céilia Šašić
0%
11Brazil2003-2019Cristiane
0%
9Norway1991-2003Hege Riise
0%
10Germany1991-1995Heidi Mohr
0%
8Germany2003-2011Kerstin Garefrekes
0%
9Norway1991-1999Linda Medalen
0%
8China1991-1999Liu Ailing
0%
8Norway1995-2003Marianne Pettersen
0%

Score Distribution

Percentile by Number Answered

Percent of People with Each Score

Your Score History

You have not taken this quiz since the last reset